000 00785nam a2200253 i 4500
003 DO-SdBNP
005 20240619113636.0
006 a||||dr|||| 00| 0
007 ta
008 231121e1960 dr abco| |||| 00| 0 spa d
040 _aDO-SdBNP
_bspa
_cBNPHU
_erda
082 4 _222
_aP438m
100 _aPérez Peña, Altagracia
_910502
_eautora
245 1 0 _aAl primer maestro de la República :
_bel magisterio nacional
264 2 _aCiudad Trujillo :
_bImprenta Hernández,
_c1960
300 _a22 páginas :
_bIlustraciones ;
_c25 cm.
336 _2rdacontent
_atexto
_btxt
337 _2rdamedia
_asin mediación
_bn
338 _2rdacarrier
_avolumen
_bnc
590 _aInventariado 2023 / DG
700 1 _aGrimaldi Silié, Eleanor,
_d1948-
_985713
910 _aDG
942 _2ddc
_cLF2
999 _c55593
_d55593